000 00885nam a22003734a 4500
001 UByD002996
003 AR-LpoUNG
005 20240801115445.0
008 240801s2014||||ag 000|| spa d
020 _a9789504940531
040 _aAR-LpoUNG
_bspa
_cAR-LpoUNG
_eaacr
041 0 _aspa
044 _aag
082 0 _aA863 236ham
100 1 _aCaparrós, Martín
245 1 3 _aEl hambre
250 _a1ra. ed.
260 _aBuenos Aires :
_bPlaneta,
_c2014.
300 _a610 p.
650 4 _aANALISIS SOCIOLOGICO
650 4 _aCULTURA
650 4 _aHISTORIA
650 4 _aIDENTIDAD CULTURAL
650 4 _aLITERATURA
650 4 _aNOVELAS
650 4 _aRELACIONES HUMANAS
650 4 _aSOCIEDAD
650 4 _aPROBLEMAS SOCIALES
650 4 _aHAMBRE
650 4 _aPOBREZA
653 _aPUEBLOS ORIGINARIOS
905 _a45367
942 _cLIB
_2ddc
999 _c65588
_d65588